Modern solar facilities-advanced solar science (Record no. 17014)

MARC details
000 -LEADER
fixed length control field 00980nam a2200229Ia 4500
003 - CONTROL NUMBER IDENTIFIER
control field IN-BaIIA
008 - FIXED-LENGTH DATA ELEMENTS--GENERAL INFORMATION
fixed length control field 211028s9999 xx 000 0 eng d
020 ## - INTERNATIONAL STANDARD BOOK NUMBER
International Standard Book Number 978-3-938616-87-9
040 ## - CATALOGING SOURCE
Transcribing agency IIA Library
080 ## - UNIVERSAL DECIMAL CLASSIFICATION NUMBER
Universal Decimal Classification number 520(082.1)
Item number MOD
111 ## - MAIN ENTRY--MEETING NAME
Meeting name or jurisdiction name as entry element Workshop on Modern Solar Facilities-Advanced Solar Science
Location of meeting Germany
Date of meeting or treaty signing 2006 Sept. 27 - 29
9 (RLIN) 31967
245 #0 - TITLE STATEMENT
Title Modern solar facilities-advanced solar science
Remainder of title proceedings of a workshop held at Gottingen, Germany, September 27 - 29, 2006
Statement of responsibility, etc. edited by Franz Kneer, Klaus G. Puschmann and Axel D. Wittmann
260 ## - PUBLICATION, DISTRIBUTION, ETC.
Place of publication, distribution, etc. Gottingen
Name of publisher, distributor, etc. Univeristatsverlag Gottingen
Date of publication, distribution, etc. 2007
300 ## - PHYSICAL DESCRIPTION
Extent 381p.
650 ## - SUBJECT ADDED ENTRY--TOPICAL TERM
Topical term or geographic name entry element High precision observation
9 (RLIN) 31968
650 ## - SUBJECT ADDED ENTRY--TOPICAL TERM
Topical term or geographic name entry element High resolution observation
9 (RLIN) 31969
650 ## - SUBJECT ADDED ENTRY--TOPICAL TERM
Topical term or geographic name entry element Telescope and instrumentation
9 (RLIN) 31970
700 ## - ADDED ENTRY--PERSONAL NAME
Personal name Kneer, Franz, ed.
9 (RLIN) 31971
700 ## - ADDED ENTRY--PERSONAL NAME
Personal name Puschmann, Klaus G., ed.
9 (RLIN) 31972
700 ## - ADDED ENTRY--PERSONAL NAME
Personal name Wittmann, Axel D., ed.
9 (RLIN) 31973
942 ## - ADDED ENTRY ELEMENTS (KOHA)
Koha item type Books
Holdings
Withdrawn status Lost status Damaged status Not for loan Home library Current library Shelving location Date acquired Total Checkouts Full call number Barcode Date last seen Price effective from Koha item type
        IIA Library-Bangalore IIA Library-Bangalore General Stacks 19/08/2008   520(082.1)/ MOD 17936 05/11/2021 19/08/2008 Books

Powered by Koha